LDR 00698naa#a2200193#i#450# 001 EN\\bibl\118704 005 20260514234325.4 011 ## _a1994-4683 100 ## _a20230428b2023####ek#y0engy0150####ca 102 ## _aRU 200 1# _aINNOVATIONS OF OPERATIONAL CONTROL IN PHYSICAL EDUCATION LESSONS (ON THE EXAMPLE OF ATHLETICS) _eJournal article 210 1# _aMoscow _cNational State University of Physical Education, Sports and Health named after P.F. Lesgaft _d2023 215 ## _a4 с. 608 ## _aJournal article _2local 675 ## _aЛегкая атлетика в целом. 796.42 _z 700 #1 _aKleymenova _gM D 700 #1 _aZvyagintsev _gP N 700 #1 _aKokoulina _gO P 856 4# _auchzapiski.lesgaft.spb.ru _u